LEADER 01278nam1-22003731n-450- 001 990001180930203316 005 20090617094517.0 010 $a88-13-22060-X 035 $a000118093 035 $aUSA01000118093 035 $a(ALEPH)000118093USA01 035 $a000118093 100 $a20030930-2000----m||y0itay0103----ba 101 0 $aita 102 $aIT 105 $ay|||z|||001yy 200 1 $a<> stupefacenti$ecommento del T.U. 9 ottobre 1990 n.309$egiurisprudenza, decreti ministeriali, tabelle, relazioni parlamentari$fRomano Ricciotti, Matia Maddalena Ricciotti$gtesto di Romano Ricciotti$gricerche di Maria Maddalena Ricciotti 205 $a3. ed 210 $aPadova$cCedam$d2000 215 $aXXV, 409 p.$d22 cm 606 0 $aStupefacenti$xLegislazione 676 $a345.4504232 700 1$aRICCIOTTI,$bRomano$0226231 701 1$aRICCIOTTI,$bMaria Maddalena$0233057 801 0$aIT$bsalbc$gISBD 912 $a990001180930203316 951 $aXXVI.1.C 565 (IG XVI 151 A)$b36731 G.$cXXVI.1.C 565 (IG XVI)$d00085627 959 $aBK 969 $aGIU 979 $aRENATO$b90$c20030930$lUSA01$h1037 979 $aPATRY$b90$c20040406$lUSA01$h1725 979 $aRSIAV2$b90$c20090617$lUSA01$h0945 996 $aStupefacenti$9693116 997 $aUNISA LEADER 02891nam a2200505 i 4500 001 991001075959707536 005 20020507110214.0 008 981104s1977 fr ||| | fre 020 $a2705657339 (vol. 1) 035 $ab10170236-39ule_inst 035 $aLE00641742$9ExL 040 $aDip.to Fisica$bita 084 $a53(022+076) 084 $a53.1.4 084 $a530.1'2 084 $aQC174.12.C6313 100 1 $aDiu, Bernard$028436 245 10$aMécanique quantique /$cClaude Cohen-Tannoudji, Bernard Diu, Franck Laloë 250 $a2ème éd. revue, corrigée et augmentée 260 $aParis :$bHermann,$c1977 300 $a2 v. (xv, 1517 p. compl.) :$bill. ;$c25 cm. 500 $aIndex. 500 $aBibliographie : pp. 882A-882Q. 650 4$aQuantum theory 700 1 $aLaloë, Franck$eauthor$4http://id.loc.gov/vocabulary/relators/aut$0340583 700 1 $aCohen-Tannoudji, Claude$eauthor$4http://id.loc.gov/vocabulary/relators/aut$028326 907 $a.b10170236$b02-04-14$c27-06-02 912 $a991001075959707536 945 $aLE006 53.1.4 COH$cV. 1$g1$i2006000097758$lle006$o-$pE0.00$q-$rl$s- $t0$u1$v2$w23$x0$y.i10207739$z27-06-02 945 $aLE006 53.1.4 COH$cV. 2$g1$i2006000013741$lle006$o-$pE0.00$q-$rl$s- $t0$u14$v0$w14$x0$y.i10207740$z27-06-02 945 $aLE006 53.1.4 COH$cV. 2$g1$i2006000041300$lle006$o-$pE0.00$q-$rl$s- $t0$u10$v1$w10$x0$y.i10207752$z27-06-02 945 $aLE006 53.1.4 COH$cV. 2$g1$i2006000041324$lle006$on$pE0.00$q-$rl$s- $t0$u11$v0$w11$x0$y.i10207764$z27-06-02 945 $aLE006 53.1.4 COH$cV. 2$g1$i2006000041331$lle006$o-$pE0.00$q-$rl$s- $t0$u6$v0$w6$x0$y.i10207776$z27-06-02 945 $aLE006 53.1.4 COH$cV. 1$g1$i2006000041355$lle006$o-$pE0.00$q-$rl$s- $t0$u0$v0$w15$x0$y.i10207788$z27-06-02 945 $aLE006 53.1.4 COH$cV. 1$g1$i2006000041386$lle006$on$pE0.00$q-$rl$s- $t0$u10$v0$w10$x0$y.i1020779x$z27-06-02 945 $aLE006 53.1.4 COH$cV. 2$g1$i2006000071260$lle006$o-$pE0.00$q-$rl$s- $t0$u14$v0$w14$x0$y.i10207806$z27-06-02 945 $aLE006 53.1.4 COH$cV. 1$g1$i2006000071277$lle006$on$pE0.00$q-$rl$sm $t0$u0$v0$w0$x0$y.i10207818$z27-06-02 945 $aLE006 53.1.4 COH$cV. 1$g1$i2006000071284$lle006$on$pE0.00$q-$rl$sm $t0$u0$v0$w0$x0$y.i1020782x$z27-06-02 945 $aLE006 53.1.4 COH$cV. 1$g1$i2006000071291$lle006$on$pE0.00$q-$rl$sm $t0$u0$v0$w0$x0$y.i10207831$z27-06-02 945 $aLE006 53.1.4 COH$cV. 1$g1$i2006000071307$lle006$on$pE0.00$q-$rl$sm $t0$u0$v0$w0$x0$y.i10207843$z27-06-02 945 $aLE006 53.1.4 COH$cV. 2$g1$i2006000071314$lle006$on$pE0.00$q-$rl$sm $t0$u0$v0$w0$x0$y.i10207855$z27-06-02 945 $aLE006 53.1.4 COH$cV. 2$g1$i2006000071321$lle006$o-$pE0.00$q-$rl$s- $t0$u0$v0$w0$x0$y.i10207867$z27-06-02 996 $aMecanique quantique$924867 997 $aUNISALENTO 998 $ale006$b01-01-98$cm$da $e-$ffre$gfr $h0$i14 LEADER 01806nam 2200445 450 001 9910711489603321 005 20180920123712.0 035 $a(CKB)5470000002483142 035 $a(OCoLC)1053625633 035 $a(EXLCZ)995470000002483142 100 $a20180920d2018 ua 0 101 0 $aeng 135 $aurcn||||||||| 181 $ctxt$2rdacontent 182 $cc$2rdamedia 183 $acr$2rdacarrier 200 10$aCharacterization of peak streamflows and flood inundation of selected areas in southeastern Texas and southwestern Louisiana from the August and September flood resulting from Hurricane Harvey /$fby Kara M. Watson [and five others] ; prepared in cooperation with the Federal Emergency Management Agency 210 1$aReston, Virginia. :$cU.S. Department of the Interior, U.S. Geological Survey,$d2018. 215 $a1 online resource (viii, 44 pages) $ccolor maps 225 1 $aScientific investigations report ;$v2018-5070 320 $aIncludes bibliographical references (pages 42-44). 606 $aStreamflow$zLouisiana 606 $aStreamflow$zTexas 606 $aFloods$zLouisiana 606 $aFloods$zTexas 606 $aHurricane Harvey, 2017 615 0$aStreamflow 615 0$aStreamflow 615 0$aFloods 615 0$aFloods 615 0$aHurricane Harvey, 2017. 700 $aWatson$b Kara M.$01385946 712 02$aGeological Survey (U.S.), 712 02$aUnited States.$bFederal Emergency Management Agency. 801 0$bGPO 801 1$bGPO 906 $aBOOK 912 $a9910711489603321 996 $aCharacterization of peak streamflows and flood inundation of selected areas in southeastern Texas and southwestern Louisiana from the August and September flood resulting from Hurricane Harvey$93519447 997 $aUNINA